Emplazamiento para viviendas económicas /
Shranjeno v:
| Glavni avtor: | |
|---|---|
| Format: | Texto |
| Teme: | |
| Oznake: |
Označite
Brez oznak, prvi označite!
|
MARC
| LEADER | 00000 a a2200000 04500 | ||
|---|---|---|---|
| 001 | 2914 | ||
| 003 | |||
| 040 | |||
| 100 | |a Ochoa, María Teresa | ||
| 245 | |a Emplazamiento para viviendas económicas / |c María Teresa Ochoa | ||
| 650 | |a VIVIENDA | ||
| 650 | |a PLANIFICACION DE LA VIVIENDA | ||
| 650 | |a SUELOS | ||
| 650 | |a TIPOS DE SUELOS | ||
| 773 | |g volumen 29, número 1; páginas 115-159 | ||
| 999 | |c 27256 |d 27256 | ||
